000 00316nam a2200121Ia 4500
008 240731s9999 xx 000 0 und d
022 _a2691-1205
245 0 _aJournal of Real Estate Portfolio Management
260 _bRoutledge
856 _uhttps://www.tandfonline.com/loi/repm20
942 _2ddc
942 _cTFEJ
999 _c78116
_d78116
945 _a1
_bMadushi Gamage
_c1
_dMadushi Gamage